000 00635nam a22002657a 4500
003 OSt
005 20140310184429.0
008 131009t xxu||||| |||| 00| 0 eng d
020 _a9780439403795
050 _aQL 737
_b.L665 2002
100 _aLevin, Amy
_926974
245 _aBats, bats, bats! /
_bAmy Levin.
260 _aNew York :
_bScholastic Inc,
_c2002.
300 _a13 p. :
_bill, ;
_c24 cm.
521 _aG1
526 _c160
650 _aBats
_923572
942 _2lcc
_cBK-SCHOLAS
999 _c34321
_d34321